La Modificació de la llei d'hisendes locals : sessió de treball 12 i 19 d'abril de 1999 / ORGT [Organisme de Gestió Tributària] sessió de treball 12 i 19 d'abril de 1999 / ORGT [Organisme de Gestió Tributària]
Descripción Física:
91 p. ; 30 cm
MARC
| LEADER | 00000nam a2200000Ia 4500 | ||
|---|---|---|---|
| 001 | 14155 | ||
| 008 | 160829s9999 xx 000 0 cat d | ||
| 080 | |a D-2-85 | ||
| 245 | |a La Modificació de la llei d'hisendes locals : |b sessió de treball 12 i 19 d'abril de 1999 / ORGT [Organisme de Gestió Tributària] | ||
| 260 | |a [Barcelona : |b ORGT], [1999?] | ||
| 300 | |a 91 p. ; |c 30 cm | ||
| 650 | |a Finances locals |x Dret i legislació |x Espanya |x Congressos |9 28573 | ||
| 710 | |a Barcelona (Catalunya : Província). |b Organisme de Gestió Tributària |9 53627 | ||
| 901 | |a Arxiu | ||
| 942 | |n 1 | ||
| 952 | |0 0 |1 0 |4 0 |6 D285 |7 1 |9 44912 |a Arxiu |b Arxiu |d 2016-12-01 |l 0 |o D-2-85 |p 14155 |r 2016-12-01 00:00:00 |w 2016-12-01 |y ARXIU | ||
| 999 | |c 47511 |d 47511 | ||